00813ngm a2200217 i 450000500170000000800410001702000180005804000350007608200200011111000290013124500570016025000220021726400350023930000540027433600560032833700230038433800310040765000540043865000550049265000480054720220317000147.0141031s2005 ck g 000 0 spa d a9781563318717 aCO-BoRNBPbspacCO-BoRNBPerda04a551.6bD37c2232 aDiscovery Channel School13aEl climacDiscovery Channel Schoolhvideograbación aPrimera edición 1aBogotábMS Tv & Videosc2005 a1 DVD (60 minutos)bdigital, sonoro, colorc12 cm aimagen en movimiento bidimensionalbtdi2rdacontent avideobv2rdamedia avideodiscobvd2rdacarrier17aCambios climáticosvVideodisco digital 2ARMARC17aCiencias de la tierravVideodisco digital 2ARMARC17aClimatologíavVideodisco digital 2ARMARC